[Event "Santa Eugenia op 13th"]
[Site "Santa Eugenia"]
[Date "2018.08.03"]
[Round "9"]
[White "Turon Crosa, Isaac"]
[Black "Barraca Gonzalez, Jordi"]
[Result "1/2-1/2"]
[WhiteElo "1781"]
[BlackElo "1771"]
[PlyCount "52"]
[EventDate "2018.07.30"]
[EventType "swiss"]
[EventRounds "9"]
[EventCountry "ESP"]
[SourceTitle "CBM 185 Extra"]
[Source "ChessBase"]
[SourceDate "2018.07.29"]
[SourceVersion "1"]
[SourceVersionDate "2018.07.29"]
[SourceQuality "1"]

1. d4 Nf6 2. c4 e6 3. Nc3 Bb4 4. Qc2 b6 5. Nf3 Bb7 6. a3 Be7 7. g3 d6 8. Bg2 Nbd7 9. 0-0 0-0 10. Rd1 Re8 11. b3 c6 12. Bb2 Qc7 13. Rd2 Rad8 14. Rc1 d5 15. cxd5 exd5 16. Ne5 Nxe5 17. dxe5 Ng4 18. Nxd5 Qb8 19. Nxe7+ Rxe7 20. f4 Ne3 21. Qc3 Nxg2 22. Kxg2 Red7 23. Rcd1 c5+ 24. Kf2 Qc7 25. Rxd7 Rxd7 26. Rg1 Qc6 1/2-1/2

[Event "Santa Eugenia op 10th"]
[Site "Santa Eugenia"]
[Date "2015.??.??"]
[Round "7"]
[White "Barraca Gonzalez, Jordi"]
[Black "Carraminana Puig, Jordi"]
[Result "1-0"]
[WhiteElo "1988"]
[BlackElo "1919"]
[PlyCount "55"]
[EventDate "2015.04.17"]
[EventType "swiss"]
[EventRounds "9"]
[EventCountry "ESP"]
[SourceTitle "EXT 2016"]
[Source "ChessBase"]
[SourceDate "2015.10.08"]
[SourceVersion "1"]
[SourceVersionDate "2015.10.08"]
[SourceQuality "1"]

1. e4 e6 2. b3 c5 3. Bb2 Nc6 4. f4 d6 5. Nf3 Nf6 6. Nc3 Be7 7. Bb5 Bd7 8. 0-0 a6 9. Bxc6 Bxc6 10. d3 Qc7 11. Qe1 Nh5 12. Ne2 f5 13. Ng5 Bd7 14. exf5 exf5 15. Ng3 Nxg3 16. Qxg3 h6 17. Nf3 0-0-0 18. c3 Rhg8 19. Qf2 g5 20. d4 gxf4 21. c4 Rg4 22. h3 Rg3 23. Kh2 Rdg8 24. Rg1 Bf6 25. dxc5 Bxb2 26. cxd6 Qxd6 27. Qxb2 Bc6 28. Rad1 1-0

[Event "Santa Eugenia op 10th"]
[Site "Santa Eugenia"]
[Date "2015.??.??"]
[Round "2"]
[White "Barraca Gonzalez, Jordi"]
[Black "Deulofeu Peramarch, Enric"]
[Result "1-0"]
[WhiteElo "1988"]
[BlackElo "1793"]
[PlyCount "115"]
[EventDate "2015.04.17"]
[EventType "swiss"]
[EventRounds "9"]
[EventCountry "ESP"]
[SourceTitle "EXT 2016"]
[Source "ChessBase"]
[SourceDate "2015.10.08"]
[SourceVersion "1"]
[SourceVersionDate "2015.10.08"]
[SourceQuality "1"]

1. e4 e5 2. Nf3 Nc6 3. d4 d6 4. dxe5 dxe5 5. Qxd8+ Nxd8 6. Nxe5 Bd6 7. Nc4 Bc5 8. Be3 Ne6 9. Bxc5 Nxc5 10. Nc3 Nf6 11. f3 0-0 12. 0-0-0 Be6 13. Ne3 c6 14. Bc4 b5 15. Bxe6 Nxe6 16. e5 Nh5 17. g3 f6 18. Rd6 Nd8 19. exf6 Nxf6 20. Rhd1 Rc8 21. Nf5 Re8 22. Ne7+ Rxe7 23. Rxd8+ Re8 24. Rxc8 Rxc8 25. Re1 Kf7 26. Ne4 Nxe4 27. Rxe4 Rd8 28. Re3 a5 29. Rd3 Re8 30. Kd2 c5 31. Rd5 Rc8 32. Rd7+ Kf6 33. Rb7 b4 34. Ra7 Rd8+ 35. Ke2 c4 36. Rxa5 c3 37. bxc3 bxc3 38. Rc5 Rd2+ 39. Ke3 Rxc2 40. a4 Ra2 41. a5 c2 42. Kd2 c1Q+ 43. Kxc1 Ke6 44. Kb1 Kd6 45. Kxa2 Kxc5 46. Kb3 Kb5 47. a6 Kxa6 48. Kc4 Kb7 49. Kd5 Kc7 50. Ke6 g6 51. f4 Kd8 52. Kf6 Ke8 53. Kg7 Ke7 54. Kxh7 Kf6 55. g4 g5 56. f5 Kf7 57. Kh6 Kf6 58. h3 1-0

[Event "Santa Eugenia op 10th"]
[Site "Santa Eugenia"]
[Date "2015.??.??"]
[Round "6"]
[White "Barraca Gonzalez, Jordi"]
[Black "Perolet Perez, Miquel"]
[Result "1-0"]
[WhiteElo "1988"]
[BlackElo "1848"]
[PlyCount "59"]
[EventDate "2015.04.17"]
[EventType "swiss"]
[EventRounds "9"]
[EventCountry "ESP"]
[SourceTitle "EXT 2016"]
[Source "ChessBase"]
[SourceDate "2015.10.08"]
[SourceVersion "1"]
[SourceVersionDate "2015.10.08"]
[SourceQuality "1"]

1. e4 e6 2. b3 b6 3. Bb2 Bb7 4. Nc3 Nf6 5. d3 e5 6. Qd2 Nc6 7. f4 d6 8. Nf3 Qd7 9. 0-0-0 exf4 10. Kb1 0-0-0 11. Qxf4 Kb8 12. h3 Re8 13. g4 Ne5 14. Bg2 h6 15. Rhe1 Nh7 16. d4 Nxf3 17. Bxf3 Be7 18. e5 Bxf3 19. Qxf3 Ng5 20. Qg2 Ne6 21. Nd5 Bh4 22. Nb4 d5 23. Rf1 Rd8 24. c4 a5 25. Nxd5 Kb7 26. Nc3+ c6 27. d5 cxd5 28. Rxd5 Qc6 29. Nb5 Ka6 30. Nd6 1-0

[Event "Santa Eugenia op 10th"]
[Site "Santa Eugenia"]
[Date "2015.??.??"]
[Round "3"]
[White "Salagran Ferragut, Guillem"]
[Black "Barraca Gonzalez, Jordi"]
[Result "1-0"]
[WhiteElo "2196"]
[BlackElo "1988"]
[PlyCount "81"]
[EventDate "2015.04.17"]
[EventType "swiss"]
[EventRounds "9"]
[EventCountry "ESP"]
[SourceTitle "EXT 2016"]
[Source "ChessBase"]
[SourceDate "2015.10.08"]
[SourceVersion "1"]
[SourceVersionDate "2015.10.08"]
[SourceQuality "1"]

1. e4 c5 2. Nf3 g6 3. d4 cxd4 4. Nxd4 Nc6 5. Bc4 Bg7 6. Nb3 Nf6 7. Nc3 0-0 8. 0-0 a6 9. Re1 b5 10. Bf1 d6 11. Nd5 Ne5 12. h3 Bb7 13. a4 Nxd5 14. exd5 Nc4 15. axb5 axb5 16. Bg5 Re8 17. Rb1 Ra2 18. Nd4 Qb6 19. Nxb5 Qxb5 20. b3 Qxd5 21. bxc4 Qxg5 22. Rxb7 Ra1 23. Qe2 Rxe1 24. Qxe1 Be5 25. Qe2 Bd4 26. Qf3 Bc5 27. Bd3 Qe5 28. Be4 Qa1+ 29. Kh2 Qe5+ 30. g3 Kg7 31. Kg2 Qf6 32. Bc6 Rc8 33. Bd5 Qxf3+ 34. Kxf3 Kf6 35. Be4 Ke6 36. g4 Kf6 37. h4 h6 38. Ke2 g5 39. h5 Bd4 40. Bd3 Ke6 41. Bf5+ 1-0

[Event "Santa Eugenia op 10th"]
[Site "Santa Eugenia"]
[Date "2015.??.??"]
[Round "5"]
[White "Suita Garceso, Nemesi"]
[Black "Barraca Gonzalez, Jordi"]
[Result "1-0"]
[WhiteElo "2155"]
[BlackElo "1988"]
[PlyCount "71"]
[EventDate "2015.04.17"]
[EventType "swiss"]
[EventRounds "9"]
[EventCountry "ESP"]
[SourceTitle "EXT 2016"]
[Source "ChessBase"]
[SourceDate "2015.10.08"]
[SourceVersion "1"]
[SourceVersionDate "2015.10.08"]
[SourceQuality "1"]

1. c4 c5 2. Nc3 g6 3. Nf3 Bg7 4. g3 Nf6 5. Bg2 0-0 6. 0-0 Nc6 7. d3 d6 8. Rb1 Rb8 9. a3 Ng4 10. h3 Nge5 11. Ng5 h6 12. Nge4 Bf5 13. f4 Bxe4 14. Nxe4 Nd7 15. Bd2 Nf6 16. Nc3 Qd7 17. b4 b6 18. b5 Nd4 19. e3 Ne6 20. g4 Nc7 21. e4 e6 22. Qf3 Rbd8 23. Rbd1 d5 24. e5 Nh7 25. cxd5 Nxd5 26. Nxd5 exd5 27. a4 Qe6 28. Rde1 d4 29. f5 Qa2 30. Re2 Qxa4 31. f6 Bh8 32. Bxh6 Rfe8 33. e6 Qxb5 34. exf7+ Kxf7 35. Qb7+ Qd7 36. Bd5+ 1-0